| 000 | 00657nam a22002057a 4500 | ||
|---|---|---|---|
| 999 |
_c8116 _d8116 |
||
| 003 | AR-CdUCM | ||
| 008 | 190322b ||||| |||| 00| 0 spa d | ||
| 040 |
_aMUNICIPALIDAD PROVINCIAL DEL CUSCO _cBIBLIOTECA MUNICIPAL DEL CUSCO |
||
| 082 |
_22ed. _a862 / _bSA26 |
||
| 100 |
_aSassone, Felipe _922916 |
||
| 245 |
_aLa Princesa esta triste : _bComedia en tres Actos y en Prosa / |
||
| 260 |
_aMadrid : _bV.H. de Sanz Callejas, |
||
| 300 |
_a352 páginas ; _bilustraciones ; _c18.5 cm. |
||
| 500 | _aDonación familia Nieto. | ||
| 650 |
_aTeatro _9173 |
||
| 650 |
_aLiteratura española _9362 |
||
| 650 |
_aComedia _92607 |
||
| 942 |
_2ddc _cLIBROS |
||
| 945 | _azta | ||